00910nam a22002657a 45000010005000000030006000050050017000110080041000280200017000690400029000860500012001150820016001271000022001432450073001652500042002382600038002803000043003184900025003615050008003865200151003945210021005455210020005666500031005866500027006175220FISKH20241120092643.0241120b cb ||||| |||| 00| 0 eng d a078073004508 aFISKHbengcFISKHdFISKH aUB270.5 a355.3432082 aSullivan, George  aIn the Line of Fire :b Eight Women War Spies / cby George Sullivan aFirst Scholastic printing, March 1996 aNew York : bScholastic ;c1996.  a118 pages : billustrations ;c20 cm . aScholastic Biography aZ  aThe incredible stories of eight women spies whose adventures were exciting, ingenious, and often tragic, for they sometimes paid with their lives.8 a1020 bLexile 8 aZ bRaz-Plus  a famous womenvnon-fiction abiographyvnon-fiction